000 01809nam a2200481 4500
001 21444
003 VRT
005 20260302113614.0
008 200228s2018 xr a b 000 f slo
015 _aSNBZSA2018/10
020 _a9788025510308
_q(brožované)
035 _aurn:nbn:sk:snk-am00db92
035 _aurn:nbn:sk:snk-am3hwa2
035 _a2074B014-6766-4978-BCE6-1AF2665F0B9A
039 9 _a202411061854
_bcsnk01
_c202002281441
_dVLOAD
_c201810221236
_dmsnk24
_c201810161410
_dmsnk11
040 _aSNK
_bslo
_cSNK
_erda
041 1 _aslo
_heng
044 _axr
_cCZ
072 7 _a821-93
_xLiteratúra pre deti a mládež (beletria)
_2konspekt
072 7 _a821.112.2-3
_xNemecká próza, nemecky písaná
_2konspekt
080 _a821.112.2-34
_22011
080 _a82-93-053.2
_22011
100 1 _aGrimm, Jacob,
_d1785-1863
_4aut
245 1 0 _aRozprávky bratov Grimmovcov
_cilustrácie: Gian Luca Oliveri ; z angličtiny preložila: Veronika Dominiak
250 _a1. vydanie
264 1 _aPraha
_bRebo International CZ, spol. s r.o.
_c2018
300 _a94 nečíslovaných strán
_bfarebné ilustrácie
_c22 cm
336 _atext
_btxt
_2rdacontent
336 _astatický obraz
_bsti
_2rdacontent
337 _abez média
_bn
_2rdamedia
338 _azväzok
_bnc
_2rdacarrier
490 1 _aMoje prvé čítanie
655 7 _anemecké rozprávky
_2SNKPH
655 7 _aliteratúra pre deti
_2SNKPH
655 7 _aGerman fairy tales
_2SNKPHeng
655 7 _aChildren's literature
_2SNKPHeng
700 1 _aGrimm, Wilhelm,
_d1786-1859
_4aut
700 1 _aDominiak, Veronika
_4trl
700 1 _aOliveri, Gian Luca,
_d1969-
_4ill
830 0 _aMoje prvé čítanie
942 _2ddc
_cKLDE
_n0
949 _617A1337538
_asnkSC 181189
_bsnk2018/21113
_oPemic 63-ah/23Int. č. fa - 64/2018
_s6100:20181024
999 _c21444
_d21444